| 000 | 01360nas a2200469 4500 | ||
|---|---|---|---|
| 001 | BR8107905 | ||
| 003 | BR-BrBNA | ||
| 005 | 20231205084923.0 | ||
| 007 | ta | ||
| 008 | 230509b bl.|||p| |||| 00| 00por d | ||
| 040 |
_aBR-BrBNA _bpor _cBiblioteca Nacional de Agricultura |
||
| 041 | _a(Pt) | ||
| 072 | _aF60; F25; F00 | ||
| 100 | 1 | _aMalavolta, E. | |
| 100 | 1 | _aFlorio, A. | |
| 100 | 1 | _aOrellana, A.P. | |
| 100 | 1 | _aCruz, A.P. | |
| 100 | 1 | _aFrenhani, A.A. | |
| 100 | 1 | _aSilva, A.T. | |
| 100 | 1 | _aRodrigues, B.N. | |
| 100 | 1 | _aNobrega, C. | |
| 100 | 1 | _aAzeredo, D.F. | |
| 100 | 1 | _aPaulo, E.M. | |
| 100 | 1 | _aOliveira, F.A. | |
| 100 | 1 | _aPereira, H.H.G. | |
| 100 | 1 | _aCabral, C.P. | |
| 100 | 1 | _aPavan, L.H.S. | |
| 100 | 1 | _aDario, L.A. | |
| 100 | 1 | _aAntoniolli, F.C. | |
| 245 | 1 | _aEstudos sobre a nutricao mineral do arroz. 10 - Marcha de absorcao de micronutrientes pela variedade IAC-25 [Oryza sativa] | |
| 650 | _aARROZ SEQUEIRO | ||
| 650 | _aVARIEDADE | ||
| 650 | _aABSORCAO | ||
| 650 | _aMICROELEMENTO | ||
| 650 | _aMATERIA SECA | ||
| 650 | _aADUBACAO | ||
| 650 | _aNUTRICAO VEGETAL | ||
| 650 | _aESTUFA | ||
| 773 | 0 |
_tAnais da Escola Superior de Agricultura Luiz de Queiroz (Brazil) _xISSN 0071-1276 _g(1981), v. 38(2) p. 551-559 _wBR8107905 |
|
| 909 |
_a202311 _bLúcia _c55 _dLúcia Elande |
||
| 942 |
_2AGRIS _n0 _cANA |
||
| 999 |
_c108125 _d108125 |
||